Shinjang charvichiliqi = Xinjiang xumuye.
Saved in:
| Format: | Journal |
|---|---|
| Language: | Uighur |
| Published: |
Ürümchi :
Shinjang charvichiliqi,
|
| Subjects: | |
| Tags: |
Add Tag
No Tags, Be the first to tag this record!
|
| LEADER | 01048nas a2200301 a 4500 | ||
|---|---|---|---|
| 001 | 007547545-6 | ||
| 005 | 20040929214710.0 | ||
| 008 | 970806c19859999cc qr p 0||| 0uigrd | ||
| 022 | |a 1002-9214 | ||
| 035 | 0 | |a ocn234422334 | |
| 041 | 0 | |a uigchi | |
| 043 | |a a-cc-su | ||
| 050 | 1 | 4 | |a SF55.C55 |b S54 |
| 245 | 0 | 0 | |a Shinjang charvichiliqi = |b Xinjiang xumuye. |
| 246 | 3 | 1 | |a Xinjiang xumuye |
| 246 | 3 | 1 | |a Xinjiang xu mu ye |
| 260 | |a Ürümchi : |b Shinjang charvichiliqi, | ||
| 300 | |a v. ; |c 26 cm. | ||
| 310 | |a Quarterly | ||
| 362 | 1 | |a Began in 1985. | |
| 500 | |a Description based on: 1996, 1 = 12 yil năshri, omumii 44-san; title from cover. | ||
| 546 | |a In Uighur |b (Arabic script); <1996, 1-1997, 1> issues have added cover title in Chinese (roman script); table of contents also in Chinese. | ||
| 650 | 0 | |a Animal culture |z China |z Xinjiang Uygur Zizhiqu |v Periodicals. | |
| 650 | 0 | |a Livestock |z China |z Xinjiang Uygur Zizhiqu |v Periodicals. | |
| 650 | 0 | |a Animal culture |v Periodicals. | |
| 752 | |a China |d Ürümqi. | ||
| 988 | |a 20020608 | ||
| 906 | |0 MH | ||


